| 000 | 00586nam a2200181 a 4500 | ||
|---|---|---|---|
| 001 | 000023 | ||
| 003 | 000023 | ||
| 005 | 20180213130925.0 | ||
| 008 | 090710s 2004 dr 000 spa d | ||
| 040 |
_aBPMSU _bspa _cBPMSU |
||
| 100 | 1 |
_4Berdecía, Luís A., _q(Tony) |
|
| 245 | 0 |
_a¿A dónde vas? : _buna llamada, una respuesta / _cLuís A. (Tony) Berdecía |
|
| 260 |
_aSanto Domingo : _bComunidad Cristiana de Servicio Amigo de Jesús, _c[200?]. |
||
| 300 |
_a143 p. ; _c22 cm. |
||
| 942 |
_2ddc _cBK |
||
| 945 | _aInventariado, 2018 /LP | ||
| 956 |
_aVMATEO _b10 _c20150518 _lBPMSU _h0069 |
||
| 999 |
_c7107 _d7107 |
||